| 000 | | | 04783cmc2a2200000 x 450 |
| 001 | | | 77282d4f-d142-4979-b4d3-4b5b62592e60 |
| 005 | | | 20170207135036.0 |
| 100 | ## | $a | 20151211l18401862k l0rusy0189 ca |
| 101 | 0# | $a | rus |
| 200 | 1# | $a | 1840-1862 гг. |
| 215 | ## | $a | 275 единиц хранения |
| 102 | ## | $a | RU |
| 251 | ## | $c | Опись |
| 801 | #0 | $a | RU |
| | $b | РГИА |
| | $c | 20151211 |
| 801 | #1 | $a | RU |
| | $b | ГлавНИВЦ |
| | $c | 20151211 |
| | $2 | rusmarc |
| 801 | #2 | $a | RU |
| | $b | ПБ им. Б.Н. Ельцина |
| | $c | 20160220 |
| | $g | RCR |
| | $2 | rusmarc |
| 850 | ## | $a | Федеральное казенное учреждение "Российский государственный исторический архив" (РГИА) |
| 852 | ## | $a | РГИА |
| | $j | 13 |
| 937 | ## | $h | РГИА |
| | $d | 10783415 |
| | $a | ASBIBLIO_SCAN |
| 461 | #0 | $1 | 001a74412a3-3cc5-4d21-8f0a-dfe2fbd9e72d |
| | $1 | 2001 |
| | $a | Департамент народного просвещения Министерства народного просвещения |
| | $v | Оп. 13 |
| | $1 | 251 |
| | $c | Фонд |
| | $1 | 852 |
| | $j | 733 |
| 371 | ## | $a | Документ не является опубликованным и широко распространяемым |
| 035 | ## | $a | 77282d4f-d142-4979-b4d3-4b5b62592e60 |
| 122 | 2# | $a | d1840###### |
| | $a | d1862###### |
| 327 | ## | $a | В описи представлены: дела по Академии наук: о пересмотре академического устава и штатов, об экспедициях и ученых путешествиях, приобретении коллекций и собраний, об изобретениях, об издательской деятельности, об утверждении в академических званиях, о прохождении академиками службы |
| 710 | 01 | $a | Россия |
| | $b | Департамент народного просвещения |
| | $3 | RU\NLR\AUTH\889931876 |
| 711 | 01 | $3 | RU\NLR\AUTH\889944176 |
| | $a | Россия |
| | $b | Министерство народного просвещения |
| 605 | ## | $2 | acquisition_Prlib |
| | $3 | DITM\AF\0000003834 |
| | $a | Народ |
| | $l | коллекция |
| 605 | ## | $2 | acquisition_Prlib |
| | $3 | DITM\AF\0000002775 |
| | $a | Власть |
| | $l | коллекция |
| 601 | 01 | $a | Россия |
| | $b | Департамент народного просвещения |
| | $2 | prlib_sh |
| | $3 | LIBNET\UAF\0000062042 |
| | $j | Документы и материалы |
| 606 | 1# | $j | Документы и материалы |
| | $x | История |
| | $y | Россия |
| | $z | 19 в. |
| | $2 | nlr_sh1 |
| | $3 | RU\NLR\AUTH\66822012 |
| | $a | Народное образование |
| 686 | ## | $a | 63.3(2)52ю1 |
| | $2 | rubbk |
| | $v | LBC/M |